00300 2200145 4500245003000000020002100030250001100051100001400062650002000076005001900096260000800115041001400123084000800137336000900145 aMataharicTere LiyehText a978-602-0332-116 acet.16 aTere Liye aFiksi Indonesia a20240925141523 bGPU aIndonesia a813 atext